| 000 | 00563nam a22002057i 4500 | ||
|---|---|---|---|
| 999 |
_c172529 _d172529 |
||
| 005 | 20190512162207.0 | ||
| 008 | 190512s2017 ii ||||g |||| 00| f tam d | ||
| 020 |
_cRM66.00 _qpaperback |
||
| 040 |
_aPPAK _beng _cPPAK _erda |
||
| 082 | 0 | 4 |
_223 _a894.8113 |
| 090 | 0 | 0 |
_a894.8113 _bVAR _dG |
| 245 | 0 | 0 | _aVarthai Thavaravetan Kanamma |
| 264 | 1 |
_aChennai, India : _bArivalayam, _c2017 |
|
| 300 |
_a476 pages ; _c18 cm |
||
| 336 |
_2rdacontent _atext |
||
| 337 |
_2rdamedia _aunmediated |
||
| 338 |
_2rdacarrier _avolume |
||
| 650 | 1 | 0 | _aTamil fiction |
| 942 |
_2ddc _cB |
||